000 01184ncm a2200289 a 4500
999 _c363388
_d363388
003 BLK
005 20250127155405.0
008 200403b bu ||||| |||| 00| 0 bu d
040 _aBLK
041 _aRUS
_cRUS
080 _aЗа виолончело
_b787.3
080 _aДуо виолончело и пиано
_b785.72:787.3:786.2
100 _aДворжак, Антонин
_eпърви автор
_91299
139 _aДворжак, Антонин
_bД 29
245 _aРондо
_bИздание для виолончели и фортепьяно
_cА. Дворжак.
260 _9405530
_aМосква
_bГосударственное музыкальное издательство
_c1958
300 _a16 с.
_c28 см
_eщим 7 с.
380 _a7
490 _9403632
_aКонцертный репертуар виолончелиста
650 0 _aДуо - виолончело и пиано
_9353305
653 7 _9183305
_aвиолончело
653 7 _9191546
_aмузикални произведения
852 _aЦб М ІІ 632
_bЦб
942 _cNOT
_n0
_s1
944 _aCR
_c2020-05-21
_k30560
_lГеновева Генчева
999 _d351260